000 01094nam a2200289 a 4500
001 000040536
005 20201002034210.0
008 130830s2008 sp a 001 0 spa d
020 _a9788479036003
040 _aDO-SdBNP
_bspa
_cBNPHU
082 _axxxx
_bxxx
100 1 _aGilroy, Anne M.
_966839
240 1 0 _aAtlas of anatomy
245 1 0 _aAtlas de Anatomía. /
_cAnne M. Gilroy, Brian R. MacPherson, Lawrence M. Ross; ilustraciones, Markus Voll, Karl Wesker; traducción, Andrés Del Barrio, [et.al.].
260 _aMadrid, España :
_bPanamericana,
_c2008.
300 _axv, 656 p. :
_bil. ;
_c28 cm.
500 _aLa biblioteca posee la tercera reimpresion del 2012
700 1 _aMacPherson, Brian R.
_966840
700 1 _aRoss, Lawrence M.
_966841
700 1 _aVoll, Markus
_eilust.
_966842
700 1 _aWesker, Karl
_eilust.
_966843
700 1 _aDel Barrio, Andrés
_etrad.
_966844
700 1 _aMezzano, Gustavo
_etrad.
_966845
700 1 _aRodríguez Planes, Gerardo
_etrad.
_966846
700 1 _aTaveira, Jorgelina
_etrad.
_966847
700 1 _aVásquez, Damián
_etrad.
_966848
999 _c40026
_d40026